LEADER 00981nam0-22003131--450- 001 990008237320403321 005 20051130130438.0 020 $aIT$b666975 035 $a000823732 035 $aFED01000823732 035 $a(Aleph)000823732FED01 035 $a000823732 100 $a20051130d1966----km-y0itay50------ba 101 0 $aita 102 $aIT 105 $ay-------001yy 200 1 $aCristianesimo e storia$eriflessioni sul pensiero di S. Paolo, intorno ad alcuni fondamentali aspetti della vita sociale$fRuggero Meneghelli 210 $aPadova$cCEDAM$d1966 215 $a185 p.$d25 cm 225 1 $aPubblicazioni della Facoltà di giurisprudenza dell'Università di Padova$v45 676 $a261.6$v21$zita 700 1$aMeneghelli,$bRuggero$0181474 801 0$aIT$bUNINA$gRICA$2UNIMARC 901 $aBK 912 $a990008237320403321 952 $aUniversità 43 (45)$bs.i.$fFGBC 959 $aFGBC 996 $aCristianesimo e storia$9205042 997 $aUNINA LEADER 02169nas 2200445 n 450 001 990008995460403321 005 20240229084617.0 011 $a0569-8073 035 $a000899546 035 $aFED01000899546 035 $a(Aleph)000899546FED01 035 $a000899546 091 $2CNR$aP 00000775 100 $a20090724b19561982km-y0itaa50------ba 101 0 $aeng 102 $aUS 110 $aauu-------- 200 1 $aJournal of the Surveying and Mapping Division 207 1$a1956-1982 210 $aNew York$cAmerican Society of Civil Engineers. 440 0$1001000899344$12001$aJournal of surveying engineering 443 0$1001000902772$12001$aProceedings of the American Society of Civil Engineers 530 0 $aJournal of the Surveying and Mapping Division 675 $a528.4 676 $a526.905 712 02$aAmerican Society of Civil Engineers.$bSurveying and Mapping Division 801 0$aIT$bACNP$c20090723 859 4 $uhttp://acnp.cib.unibo.it/cgi-ser/start/it/cnr/dc-p1.tcl?catno=383&person=false&language=ITALIANO&libr=&libr_th=unina1$zBiblioteche che possiedono il periodico 901 $aSE 912 $a990008995460403321 958 $aBiblioteca Centrale "F. Gasparini". Facoltà di Ingegneria. Università degli Studi di Napoli "Federico II"$b1956-1971;1975-1981;$edXXa3$fFINBC FINAG 958 $aBiblioteca del dipartimento di Ingeneria Edile dell'Università.$b1967;1969;$c1967;1969;$fDINED 959 $aFINBC 959 $aFINAG 959 $aDINED 996 $aJournal of the Surveying and Mapping Division$9791490 997 $aUNINA AP1 8 $6866-01$aNA104 Biblioteca Centrale "F. Gasparini". Facoltà di Ingegneria. Università degli Studi di Napoli "Federico II"$bdXXa3$ep.le Tecchio,80, 80125 Napoli (NA)$m0817682190;0817682195$m0817682188$nit AP1 8 $6866-02$aNA107 Biblioteca del dipartimento di Ingeneria Edile dell'Università.$ep.le Tecchio,80, Napoli (NA)$m(081) 7682129; fax 7682134$nit AP2 40$aacnp.cib.unibo.it$nACNP Italian Union Catalogue of Serials$uhttp://acnp.cib.unibo.it/cgi-ser/start/it/cnr/df-p.tcl?catno=383&language=ITALIANO&libr=&person=&B=1&libr_th=unina&proposto=NO